| 000 | 00475nam a2200181Ia 4500 | ||
|---|---|---|---|
| 003 | LK-CoDNM | ||
| 008 | 010623t1991 xxu||||| |||| 00| 1 sin d | ||
| 040 |
_aLK-CoDNM _dLK-CoDNM _eLK-CoDNM |
||
| 041 | _asin | ||
| 080 |
_a001 _bPRA |
||
| 100 | _aPranandu,Albet J. | ||
| 245 | _aදැනුම දොරටුව | ||
| 246 | _aDanuma Doratuwa | ||
| 260 |
_bKarunarathna Sons _aColombo 10 _c1991 |
||
| 300 | _b123p.;21 cm cm | ||
| 650 | _aGeneral Knowledge | ||
| 942 | _cBK | ||
| 999 |
_c115177 _d115177 |
||